书目信息 |
| 题名: |
中国舞蹈
|
|
| 作者: | 吴露生 著 | |
| 分册: | ||
| 出版信息: | 上海 上海书店出版社 2017.11 |
|
| 页数: | 253页 | |
| 开本: | 24cm | |
| 丛书名: | ||
| 单 册: | ||
| 中图分类: | J709.2 | |
| 科图分类: | ||
| 主题词: | 舞蹈史--中国 | |
| 电子资源: | ||
| ISBN: | 978-7-5458-1449-1 | |
| 000 | 00871nam0 2200253 450 | |
| 001 | 0120141439631 | |
| 005 | 20180906145423.07 | |
| 010 | @a978-7-5458-1449-1@dCNY50.00 | |
| 100 | @a20171225d2017 em y0chiy50 ea | |
| 101 | 0 | @achi |
| 102 | @aCN@b310000 | |
| 105 | @aa z 000yy | |
| 106 | @ar | |
| 200 | 1 | @a中国舞蹈@9zhong guo wu dao@f吴露生著 |
| 205 | @a修订版 | |
| 210 | @a上海@c上海书店出版社@d2017.11 | |
| 215 | @a253页@c图,照片@d24cm | |
| 330 | @a本书分嬗变寻迹、门类管窥、舞坛漫步。内容包括:分野,从这里开始;盛世中的丰亨豫大;波动着的递承前行;风俗中的民间舞蹈;幽兰般的古典舞蹈;舶来的芭蕾与现代舞;自娱自乐的大众舞蹈;抽象了的千姿百态;以动作品味着人生等。 | |
| 333 | @a舞蹈爱好者 | |
| 606 | 0 | @a舞蹈史@y中国 |
| 690 | @aJ709.2@v5 | |
| 701 | 0 | @a吴露生@9wu lu sheng@4著 |
| 801 | 0 | @aCN@b人天书店@c20171225 |
| 905 | @b1087438-42@dJ709.2@e201=2@f5 | |
| 中国舞蹈/吴露生著.-修订版.-上海:上海书店出版社,2017.11 |
| 253页:图,照片;24cm |
| 使用对象:舞蹈爱好者 |
| ISBN 978-7-5458-1449-1:CNY50.00 |
| 本书分嬗变寻迹、门类管窥、舞坛漫步。内容包括:分野,从这里开始;盛世中的丰亨豫大;波动着的递承前行;风俗中的民间舞蹈;幽兰般的古典舞蹈;舶来的芭蕾与现代舞;自娱自乐的大众舞蹈;抽象了的千姿百态;以动作品味着人生等。 |
| ● |
| 相关链接 |
|
|
|
|
正题名:中国舞蹈
索取号:J709.2/201=2
 
预约/预借
| 序号 | 登录号 | 条形码 | 馆藏地/架位号 | 状态 | 备注 |
| 1 | 1087438 | 210874384 | 第一样本阅览室/ [索取号:J709.2/201=2] | 在馆 | |
| 2 | 1087439 | 210874393 | 教育系资料室/ [索取号:J709.2/201=2] | 在馆 | |
| 3 | 1087440 | 210874400 | 教育系资料室/ [索取号:J709.2/201=2] | 在馆 | |
| 4 | 1087441 | 210874419 | 第一借阅区/ [索取号:J709.2/201=2] | 在馆 | |
| 5 | 1087442 | 210874428 | 第一借阅区/ [索取号:J709.2/201=2] | 在馆 |